Catálogo de la Biblioteca Horacio González - Universidad Nacional de General Sarmiento

Cuentos breves (Registro nro. 66571)

Detalles MARC
000 -CABECERA
campo de control de longitud fija 01225cam a22003734a 4500
001 - NÚMERO DE CONTROL
campo de control UByD003879
003 - IDENTIFICADOR DEL NÚMERO DE CONTROL
campo de control AR-LpoUNG
005 - FECHA Y HORA DE LA ÚLTIMA TRANSACCIÓN
campo de control 20260112104816.0
008 - DATOS DE LONGITUD FIJA--INFORMACIÓN GENERAL
campo de control de longitud fija 250401s2005 ag a c 000 1 spa d
020 ## - NÚMERO INTERNACIONAL ESTÁNDAR DEL LIBRO
Número Internacional Estándar del Libro 9875492493
040 ## - FUENTE DE LA CATALOGACIÓN
Centro catalogador/agencia de origen AR-LpoUNG
Lengua de catalogación spa
Centro/agencia transcriptor AR-LpoUNG
Normas de descripción aacr
041 0# - CÓDIGO DE LENGUA
Código de lengua del texto/banda sonora o título independiente spa
082 0# - NÚMERO DE LA CLASIFICACIÓN DECIMAL DEWEY
Número de clasificación 808.068 3 245cue
245 00 - MENCIÓN DE TÍTULO
Título Cuentos breves
250 ## - MENCIÓN DE EDICIÓN
Mención de edición 1ra. ed.
260 ## - PUBLICACIÓN, DISTRIBUCIÓN, ETC.
Lugar de publicación, distribución, etc. Buenos Aires :
Nombre del editor, distribuidor, etc. Gobierno de la Ciudad. Secretaría de Educación,
Fecha de publicación, distribución, etc. 2005.
300 ## - DESCRIPCIÓN FÍSICA
Extensión 73 p. :
Otras características físicas il.
505 ## - NOTA DE CONTENIDO CON FORMATO
Nota de contenido con formato Sugerido a partir de 12 años (etiqueta FUCSIA).
520 ## - SUMARIO, ETC.
Sumario, etc. Selección de relatos de la Secretaría de Educación del Gobierno de la Ciudad de Buenos Aires, destinada a escuelas del sistema educativo porteño.
650 #4 - PUNTO DE ACCESO ADICIONAL DE MATERIA--TÉRMINO DE MATERIA
Término de materia o nombre geográfico como elemento de entrada Literatura
650 #4 - PUNTO DE ACCESO ADICIONAL DE MATERIA--TÉRMINO DE MATERIA
Término de materia o nombre geográfico como elemento de entrada Narrativa
653 #0 - TÉRMINO DE INDIZACIÓN--NO CONTROLADO
Término no controlado Literatura infantil
700 1# - PUNTO DE ACCESO ADICIONAL--NOMBRE DE PERSONA
Nombre de persona Dávalos, Juan Carlos
700 1# - PUNTO DE ACCESO ADICIONAL--NOMBRE DE PERSONA
Nombre de persona García Márquez, Gabriel
700 1# - PUNTO DE ACCESO ADICIONAL--NOMBRE DE PERSONA
Nombre de persona Denevi, Marco
700 1# - PUNTO DE ACCESO ADICIONAL--NOMBRE DE PERSONA
Nombre de persona Roldán, Gustavo
700 1# - PUNTO DE ACCESO ADICIONAL--NOMBRE DE PERSONA
Nombre de persona Stockton, Frank
700 1# - PUNTO DE ACCESO ADICIONAL--NOMBRE DE PERSONA
Nombre de persona Weil, Gustav
700 1# - PUNTO DE ACCESO ADICIONAL--NOMBRE DE PERSONA
Nombre de persona Borges, Jorge Luis
700 1# - PUNTO DE ACCESO ADICIONAL--NOMBRE DE PERSONA
Nombre de persona Serrano, Santiago
700 1# - PUNTO DE ACCESO ADICIONAL--NOMBRE DE PERSONA
Nombre de persona Rossano, Alejandra
Término indicativo de función/relación coor.
942 ## - ELEMENTOS DE PUNTO DE ACCESO ADICIONAL (KOHA)
Fuente del sistema de clasificación o colocación Dewey Decimal Classification
Tipo de ítem Koha Libro
Existencias
Estado de retiro Estado de pérdida Fuente del sistema de clasificación o colocación Estado dañado No para préstamo Código de colección Localización permanente Ubicación/localización actual Fecha de adquisición Total de préstamos Signatura topográfica completa Código de barras Fecha visto por última vez Precio válido a partir de Tipo de ítem Koha
    Dewey Decimal Classification     Colección Flavia Terigi Biblioteca Universidad Nacional de General Sarmiento Biblioteca Universidad Nacional de General Sarmiento 01/04/2025   808.068 3 245cue LI00069863 01/04/2025 01/04/2025 Libro